书目信息 |
| 题名: |
基于数字虚拟技术的江苏古建筑保护研究
|
|
| 作者: | 汪浩文 著 | |
| 分册: | ||
| 出版信息: | 南京 东南大学出版社 2020.11 |
|
| 页数: | 142页 | |
| 开本: | 24cm | |
| 丛书名: | ||
| 单 册: | ||
| 中图分类: | TU-87 | |
| 科图分类: | ||
| 主题词: | 数学技术--shu xue ji shu--应用--古建筑--研究--江苏 | |
| 电子资源: | ||
| ISBN: | 978-7-5641-9246-4 | |
| 000 | 01106nam0 2200289 450 | |
| 001 | CAL 0120203136483 | |
| 005 | 20210304165257.5 | |
| 010 | @a978-7-5641-9246-4@dCNY48.00 | |
| 092 | @aCN@bRt959-2819 | |
| 100 | @a20210304d2020 em y0chiy0120 ea | |
| 101 | 0 | @achi |
| 102 | @aCN@b320000 | |
| 105 | @aa a 000yy | |
| 106 | @ar | |
| 200 | 1 | @a基于数字虚拟技术的江苏古建筑保护研究@Aji yu shu zi xu ni ji shu de jiang su gu jian zhu bao hu yan jiu@f汪浩文著 |
| 210 | @a南京@c东南大学出版社@d2020.11 | |
| 215 | @a142页@c图@d24cm | |
| 300 | @a中央高校基本科研业务费专项资金项目 江苏省社会科学基金项目 | |
| 320 | @a有书目 (第134-142页) | |
| 330 | @a本书从江苏省古建筑的发展历程与社会功能展开探讨, 揭示古建筑在当下生存方面所面临的各种不利因素。根据客观情况, 着重分析如何通过数字虚拟技术针对古建筑的修缮复原、开发等各个层面积极发挥优势作用。 | |
| 606 | 0 | @a数学技术@Ashu xue ji shu@x应用@x古建筑@x研究@y江苏 |
| 690 | @aTU-87@v5 | |
| 701 | 0 | @a汪浩文@Awang hao wen@4著 |
| 801 | 0 | @aCN@b人天书店@c20210304 |
| 901 | @a江苏东南大学出版社 | |
| 905 | @aTSG@b0002038@dTU-87@eW067@f2 | |
| 997 | @a期货 | |
| 基于数字虚拟技术的江苏古建筑保护研究/汪浩文著.-南京:东南大学出版社,2020.11 |
| 142页:图;24cm |
| 中央高校基本科研业务费专项资金项目 江苏省社会科学基金项目 |
| ISBN 978-7-5641-9246-4:CNY48.00 |
| 本书从江苏省古建筑的发展历程与社会功能展开探讨, 揭示古建筑在当下生存方面所面临的各种不利因素。根据客观情况, 着重分析如何通过数字虚拟技术针对古建筑的修缮复原、开发等各个层面积极发挥优势作用。 |
| ● |
| 相关链接 |
|
|
|
正题名:基于数字虚拟技术的江苏古建筑保护研究
索取号:TU-87/W067
 
预约/预借
| 序号 | 登录号 | 条形码 | 馆藏地/架位号 | 状态 | 备注 |
| 1 | 1538383 | 215383831 | 建筑库101/101建筑库 21排4列5层/ [索取号:TU-87/W067] | 在馆 | |
| 2 | 1538384 | 215383840 | 建筑库101/101建筑库 21排4列5层/ [索取号:TU-87/W067] | 在馆 |